[Event "4NCL 2011-12"]
[Site "Hinkley ENG"]
[Date "2012.03.31"]
[Round "7.45"]
[White "Wheeler, Darren P"]
[Black "Hulmes, David I"]
[Result "1-0"]
[WhiteElo "2272"]
[BlackElo "2273"]
[WhiteTeam "The AD's"]
[BlackTeam "e2e4.org.uk"]
[WhiteFideId "410136"]
[BlackFideId "412201"]
[EventDate "2011.11.12"]

1. e4 e5 2. Nf3 Nc6 3. Bb5 f5 4. d3 Nf6 5. O-O Bc5 6. exf5 O-O 7. c3 d6 8. Be3
Bb6 9. Bxc6 bxc6 10. d4 exd4 11. Nxd4 Bxd4 12. Qxd4 c5 13. Qd3 Kh8 14. f3 Qd7
15. g4 Bb7 16. Bg5 Nd5 17. Na3 h6 18. Bd2 Rae8 19. Nc2 Qc6 20. c4 Nf6 21. Ne3
Rf7 22. Bc3 Qb6 23. Rae1 Rfe7 24. Bxf6 gxf6 25. Qc3 Kg7 26. Ng2 Qb4 27. Rxe7+
Rxe7 28. Qxb4 cxb4 29. Re1 Rd7 30. Kf2 d5 31. cxd5 Bxd5 32. Rd1 c6 33. Nf4 Kf7
34. Nxd5 cxd5 35. Ke3 Re7+ 36. Kd3 Rc7 37. Rd2 Rc1 38. Kd4 Rf1 39. Kxd5 Rxf3 40.
Kc5 Ke7 41. Re2+ Kf7 42. Kxb4 Rf4+ 43. Kb5 Rxg4 44. b4 Rf4 45. a4 Rxf5+ 46. Ka6
Re5 47. Rf2 Re7 48. b5 Kg6 49. a5 f5 50. b6 axb6 51. axb6 Kg5 52. b7 Re8 53. Ka7
f4 54. b8=Q Rxb8 55. Kxb8 Kg4 56. Kc7 f3 57. Kd6 Kf4 58. Kd5 Ke3 59. Ra2 f2 60.
Ra1 Kf3 61. h4 h5 62. Ke5 Kg3 63. Ke4 Kg2 64. Kf4 1-0

[Event "4NCL 2011-12"]
[Site "Hinkley ENG"]
[Date "2012.03.31"]
[Round "7.46"]
[White "Arutyunova, Diana"]
[Black "Anderton, David W"]
[Result "1/2-1/2"]
[WhiteTitle "WGM"]
[BlackTitle "CM"]
[WhiteElo "2283"]
[BlackElo "2221"]
[WhiteTeam "e2e4.org.uk"]
[BlackTeam "The AD's"]
[WhiteFideId "14107244"]
[BlackFideId "401668"]
[EventDate "2011.11.12"]

1. e4 e6 2. d4 d5 3. Nc3 Nf6 4. Bg5 Bb4 5. e5 h6 6. Bd2 Bxc3 7. bxc3 Ne4 8. Qg4
g6 9. Bd3 Nxd2 10. Kxd2 c5 11. Rb1 Nc6 12. h4 cxd4 13. cxd4 Qa5+ 14. Ke3 Qxa2
15. Ne2 Qa3 16. Ra1 Qe7 17. Nc3 Rg8 18. Nb5 Nb4 19. Nxa7 Rb8 20. Nb5 Nxd3 21.
cxd3 Bd7 22. Nd6+ Kf8 23. Ra7 Bc6 24. Rc1 f5 25. Qh3 Qc7 1/2-1/2

[Event "4NCL 2011-12"]
[Site "Hinkley ENG"]
[Date "2012.03.31"]
[Round "7.47"]
[White "Swindells, Jonathan E"]
[Black "Longson, Alexander"]
[Result "0-1"]
[WhiteElo "2178"]
[BlackElo "2281"]
[WhiteTeam "The AD's"]
[BlackTeam "e2e4.org.uk"]
[WhiteFideId "421863"]
[BlackFideId "408093"]
[EventDate "2011.11.12"]

1. e4 e5 2. Nc3 Nf6 3. Bc4 Nc6 4. d3 Na5 5. Qf3 c6 6. a3 Nxc4 7. dxc4 d6 8. Nge2
Be6 9. b3 Be7 10. O-O Nd7 11. Rd1 h5 12. Qe3 h4 13. h3 f6 14. a4 a5 15. Ba3 Qc7
16. Rd2 b6 17. Nd1 Nc5 18. f4 g6 19. Qf3 O-O-O 20. Ne3 f5 21. Bxc5 dxc5 22.
Rxd8+ Rxd8 23. exf5 gxf5 24. fxe5 Kb7 25. Qf4 Rg8 26. Nxf5 Rf8 27. Nd6+ Bxd6 28.
exd6 Qg7 29. Re1 Rxf4 30. Nxf4 Qd4+ 31. Kh1 Qxf4 32. Rxe6 Kc8 33. Re8+ Kd7 34.
Rb8 Kxd6 35. Rxb6 Kc7 36. Ra6 Kb7 37. Rxa5 Qd2 38. Rxc5 Qd1+ 0-1

[Event "4NCL 2011-12"]
[Site "Hinkley ENG"]
[Date "2012.03.31"]
[Round "7.48"]
[White "Sugden, John N"]
[Black "Bellin, Jana M"]
[Result "1/2-1/2"]
[BlackTitle "WGM"]
[WhiteElo "2180"]
[BlackElo "2133"]
[WhiteTeam "e2e4.org.uk"]
[BlackTeam "The AD's"]
[WhiteFideId "402001"]
[BlackFideId "402168"]
[EventDate "2011.11.12"]

1. e4 c5 2. Nc3 e6 3. f4 Nc6 4. Nf3 a6 5. g3 d6 6. Bg2 g6 7. O-O Bg7 8. d3 Nge7
9. Be3 Nd4 10. Rb1 O-O 11. Ne2 Nxf3+ 12. Bxf3 Bd7 13. c3 Bc6 14. Bg2 Qa5 15. a3
Qc7 16. d4 b6 17. d5 exd5 18. exd5 Bd7 19. Qd2 Nf5 20. Bf2 h5 21. h3 Nh6 22. Kh2
Rae8 23. Ng1 Bb5 24. Rfe1 Qc8 25. Nf3 Bd7 26. Rxe8 Rxe8 27. Re1 Bf5 28. Ng5 Bf6
29. Ne4 Bxe4 30. Rxe4 Rxe4 31. Bxe4 Kg7 1/2-1/2

[Event "4NCL 2011-12"]
[Site "Hinkley ENG"]
[Date "2012.03.31"]
[Round "7.51"]
[White "Wells, Peter K"]
[Black "Sarakauskas, Gediminas"]
[Result "1/2-1/2"]
[WhiteTitle "GM"]
[BlackTitle "IM"]
[WhiteElo "2492"]
[BlackElo "2403"]
[WhiteTeam "White Rose"]
[BlackTeam "Guildford 1"]
[WhiteFideId "400327"]
[BlackFideId "12800724"]
[EventDate "2011.11.12"]

1. d4 d5 2. c4 dxc4 3. Nf3 Nf6 4. e3 e6 5. Bxc4 c5 6. O-O a6 7. a4 Nc6 8. Qe2
Be7 9. Rd1 Qc7 10. Nc3 O-O 11. Bd2 b6 12. d5 exd5 13. Nxd5 Nxd5 14. Bxd5 Bf6 15.
Bc3 Bxc3 16. bxc3 Rb8 17. Rab1 Ne5 18. Nxe5 Qxe5 19. Qc4 Qe7 20. h3 g6 21. Qf4
Bf5 22. e4 Be6 23. c4 Rfe8 24. Rb3 Bxd5 25. exd5 Qe4 26. Qxe4 Rxe4 27. d6 Rxc4
28. d7 Rd8 29. Rxb6 Rxa4 30. Rc6 Kf8 31. Rxc5 Re4 32. Rc6 Ke7 33. Rxa6 1/2-1/2

[Event "4NCL 2011-12"]
[Site "Hinkley ENG"]
[Date "2012.03.31"]
[Round "7.52"]
[White "Cuenca Jimenez, Jose Fernando"]
[Black "Palliser, Richard J D"]
[Result "1/2-1/2"]
[WhiteTitle "IM"]
[BlackTitle "IM"]
[WhiteElo "2474"]
[BlackElo "2447"]
[WhiteTeam "Guildford 1"]
[BlackTeam "White Rose"]
[WhiteFideId "2255570"]
[BlackFideId "407372"]
[EventDate "2011.11.12"]

1. Nf3 d5 2. d4 Nf6 3. c4 c6 4. Qb3 dxc4 5. Qxc4 Bf5 6. g3 e6 7. Bg2 Nbd7 8. Nc3
Be7 9. O-O O-O 10. Re1 Ne4 11. Qb3 Qb6 12. Nh4 Bxh4 13. gxh4 Ndf6 14. Qxb6 axb6
15. f3 Nxc3 16. bxc3 e5 17. dxe5 Nd7 18. f4 Be6 19. a3 Ra4 20. Rb1 Rc4 21. Bd2
Rd8 22. Red1 Bf5 23. Rb4 Rxb4 24. axb4 Nf8 25. Kf2 Ng6 26. Ke1 Nxh4 27. Bh1 Bh3
28. Ra1 g5 29. Be3 Bg2 30. Bxb6 Re8 31. Kf2 Bxh1 32. Rxh1 gxf4 33. Rg1+ Ng6 1/2-1/2

[Event "4NCL 2011-12"]
[Site "Hinkley ENG"]
[Date "2012.03.31"]
[Round "7.53"]
[White "McNab, Colin A"]
[Black "Camacho Collados, Marcos"]
[Result "1/2-1/2"]
[WhiteTitle "GM"]
[WhiteElo "2438"]
[BlackElo "2411"]
[WhiteTeam "White Rose"]
[BlackTeam "Guildford"]
[WhiteFideId "2400030"]
[BlackFideId "2266237"]
[EventDate "2011.11.12"]

1. c4 g6 2. g3 Bg7 3. Bg2 c5 4. Nf3 Nc6 5. Nc3 d6 6. d3 e5 7. a3 Nge7 8. Bg5 h6
9. Bxe7 Nxe7 10. Nd2 O-O 11. O-O Be6 12. Rc1 Qd7 13. b4 cxb4 14. axb4 d5 15.
cxd5 Nxd5 16. Nxd5 Bxd5 17. Bxd5 Qxd5 18. Rc5 Qe6 19. Qa4 Rfc8 20. Rxc8+ Qxc8
21. Nc4 Qc7 22. Rc1 Bf8 23. Rc2 Qe7 24. b5 e4 25. d4 Qb4 26. Qxb4 Bxb4 27. Ra2
a5 28. bxa6 bxa6 29. Nb6 Rd8 30. Rxa6 Rxd4 31. Ra8+ Kg7 32. Rc8 Rd2 33. Kf1 Rd1+
34. Kg2 Rd2 35. Kf1 Rd1+ 36. Kg2 Rd2 37. Kf1 1/2-1/2

[Event "4NCL 2011-12"]
[Site "Hinkley ENG"]
[Date "2012.03.31"]
[Round "7.54"]
[White "Wall, Gavin"]
[Black "Croad, Nicolas"]
[Result "1-0"]
[WhiteTitle "IM"]
[BlackTitle "FM"]
[WhiteElo "2330"]
[BlackElo "2292"]
[WhiteTeam "Guildford 1"]
[BlackTeam "White Rose"]
[WhiteFideId "2501244"]
[BlackFideId "4300793"]
[EventDate "2011.11.12"]

1. e4 c5 2. Nf3 d6 3. d4 cxd4 4. Qxd4 Nc6 5. Bb5 Bd7 6. Bxc6 bxc6 7. e5 Qb6 8.
Qc3 Qa6 9. Nbd2 d5 10. Nb3 e6 11. Be3 Rb8 12. a3 Nh6 13. O-O-O Nf5 14. Bc5 Qc4
15. Qxc4 dxc4 16. Bxf8 cxb3 17. Bc5 bxc2 18. Kxc2 Rb7 19. Ng5 h5 20. Ne4 Kd8 21.
Bb4 Rxb4 22. axb4 Ne7 23. Nd6 Kc7 24. Rd2 Rf8 25. Ra1 Kb8 26. Rd3 f6 27. Rg3 g5
28. Ne4 fxe5 29. Rxg5 Rf4 30. f3 Nf5 31. Rg8+ Kb7 32. Nc5+ Kb6 33. Rb8+ Kc7 34.
Rb7+ Kc8 35. Raxa7 Nd4+ 36. Kb1 1-0

[Event "4NCL 2011-12"]
[Site "Hinkley ENG"]
[Date "2012.03.31"]
[Round "7.56"]
[White "Lalic, Peter D"]
[Black "Gourlay, Iain"]
[Result "1/2-1/2"]
[BlackTitle "FM"]
[WhiteElo "2046"]
[BlackElo "2351"]
[WhiteTeam "Guildford"]
[BlackTeam "White Rose"]
[WhiteFideId "416711"]
[BlackFideId "2401533"]
[EventDate "2011.11.12"]

1. e4 c5 2. Nf3 e6 3. c4 Nc6 4. Nc3 Nf6 5. Be2 d5 6. exd5 exd5 7. d4 Be6 8. Bg5
cxd4 9. Nxd4 Nxd4 10. Qxd4 dxc4 11. Qh4 Be7 12. Bxc4 Bxc4 13. Qxc4 O-O 14. O-O
Qc8 15. Qe2 Re8 16. Qf3 1/2-1/2

[Event "4NCL 2011-12"]
[Site "Hinkley ENG"]
[Date "2012.03.31"]
[Round "7.57"]
[White "Townsend, M Paul"]
[Black "Osborne, Marcus E"]
[Result "1-0"]
[WhiteElo "2255"]
[BlackElo "2246"]
[WhiteTeam "White Rose"]
[BlackTeam "Guildford 2"]
[WhiteFideId "402320"]
[BlackFideId "404608"]
[EventDate "2011.11.12"]

1. f4 Nh6 2. Nf3 d5 3. g3 g6 4. Bg2 Bg7 5. O-O Nf5 6. d3 c6 7. Nc3 Qb6+ 8. Kh1
Ne3 9. Na4 Nxd1 10. Nxb6 axb6 11. Rxd1 Nd7 12. c3 Nc5 13. Bd2 O-O 14. Nd4 Bg4
15. Bf3 Bxf3+ 16. Nxf3 Ra4 17. Be3 Rfa8 18. a3 Nb3 19. Rab1 c5 20. Nd2 Nxd2 21.
Bxd2 b5 22. Be3 b6 23. Kg2 f5 24. Kf3 Kf7 25. h3 e5 26. fxe5 Bxe5 27. d4 cxd4
28. cxd4 Bf6 29. b3 Rxa3 30. Rdc1 Bd8 31. Bf4 Ke7 32. Rc6 b4 33. Rd6 g5 34. Be5
Rc8 35. Rh6 Rc3+ 36. Kf2 Bc7 37. Rxh7+ Kd8 38. Bxc7+ Rxc7 39. Rh8+ Kd7 40. Rh7+
Kc8 41. Rxc7+ Kxc7 42. h4 gxh4 43. gxh4 Kd7 44. h5 Ke6 45. Kf3 Ra2 46. h6 Kf7
47. Rg1 Ra8 48. h7 Rh8 49. Rh1 b5 50. Kf4 Kg7 51. Kxf5 Rf8+ 52. Ke5 Kh8 53. Kxd5
Rc8 54. e4 Rc3 55. e5 Rxb3 56. Re1 Rc3 57. e6 1-0

[Event "4NCL 2011-12"]
[Site "Hinkley ENG"]
[Date "2012.03.31"]
[Round "7.58"]
[White "Sarakauskiene, Zivile"]
[Black "Messam-Sparks, Lateefah"]
[Result "1-0"]
[WhiteTitle "WIM"]
[WhiteElo "2191"]
[BlackElo "1962"]
[WhiteTeam "Guildford 2"]
[BlackTeam "White Rose"]
[WhiteFideId "12800864"]
[BlackFideId "470813"]
[EventDate "2011.11.12"]

1. e4 c5 2. Nf3 e6 3. d4 cxd4 4. Nxd4 Nf6 5. Nc3 d6 6. Bd3 Be7 7. O-O O-O 8. Kh1
Nc6 9. Nb3 e5 10. Bg5 Ng4 11. Bd2 Bg5 12. f3 Bxd2 13. Qxd2 Nf6 14. Bc4 a6 15. a4
Qc7 16. Rfd1 Rd8 17. Qe2 Nb4 18. Nd5 Nfxd5 19. Bxd5 Nxd5 20. exd5 Bf5 21. c3 Qb6
22. Ra3 Rac8 23. Nc1 Rc5 24. Rb3 Qc7 25. Rb4 Rc8 26. Nb3 Rc4 27. Rxc4 Qxc4 28.
Qxc4 Rxc4 29. Na5 Rc7 30. Rd2 Bd7 31. Kg1 Bxa4 32. b3 Bd7 33. Nc4 b5 34. Nxd6
Rxc3 35. Ra2 Kf8 36. Rxa6 Rc5 37. Ra7 Ke7 38. Nf5+ 1-0

[Event "4NCL 2011-12"]
[Site "Hinkley ENG"]
[Date "2012.03.31"]
[Round "7.21"]
[White "Hebden, Mark L"]
[Black "Galego, Luis"]
[Result "1/2-1/2"]
[WhiteTitle "GM"]
[BlackTitle "GM"]
[WhiteElo "2515"]
[BlackElo "2482"]
[WhiteTeam "Cheddleton"]
[BlackTeam "Jutes of Kent"]
[WhiteFideId "400084"]
[BlackFideId "1900072"]
[EventDate "2011.11.12"]

1. d4 Nf6 2. Nf3 e6 3. c3 c5 4. Bg5 cxd4 5. cxd4 Qb6 6. Qc1 Nc6 7. Bxf6 gxf6 8.
e3 d5 9. Nc3 Bd7 10. Qd2 Rc8 11. Rc1 Na5 12. Bd3 Nc4 13. Bxc4 Rxc4 14. O-O Bb4
15. Rfe1 Bxc3 16. Rxc3 Rxc3 17. Qxc3 O-O 18. Qa3 Rc8 19. Qe7 Qd8 20. Qxd8+ Rxd8
21. Rc1 Bc6 22. Ne1 Kf8 23. f4 Ke7 24. Kf2 Kd6 25. g4 Re8 26. Nf3 Bb5 27. Rc3 h6
28. b3 Bd7 29. h3 a5 30. Kg3 Ra8 31. a3 Bb5 32. Nd2 Bc6 33. Kf2 Re8 34. Nf1 Ra8
35. Ng3 Ke7 36. Nh5 Ra6 37. Ke1 Ra8 38. Rc5 Ra6 39. Kd2 Ra8 40. Kc1 f5 41. gxf5
exf5 42. Ng3 Ke6 43. Ne2 Kd6 44. Kd2 b6 45. Rc1 Rg8 46. Rg1 Rg6 47. Rxg6+ fxg6
48. h4 h5 49. Nc3 b5 50. Na2 Bd7 51. Kc3 Kc6 52. a4 b4+ 53. Kd2 Bc8 54. Nc1 1/2-1/2

[Event "4NCL 2011-12"]
[Site "Hinkley ENG"]
[Date "2012.03.31"]
[Round "7.22"]
[White "Gretarsson, Hjorvar Steinn"]
[Black "Hawkins, Jonathan"]
[Result "1-0"]
[WhiteTitle "FM"]
[BlackTitle "IM"]
[WhiteElo "2452"]
[BlackElo "2480"]
[WhiteTeam "Jutes of Kent"]
[BlackTeam "Cheddleton"]
[WhiteFideId "2302241"]
[BlackFideId "412686"]
[EventDate "2011.11.12"]

1. d4 Nf6 2. c4 e6 3. Nc3 Bb4 4. Qc2 d5 5. Nf3 O-O 6. Bg5 h6 7. Bh4 Nbd7 8. e3
c5 9. cxd5 exd5 10. Bd3 c4 11. Bf5 Nb6 12. Bxc8 Rxc8 13. O-O Bxc3 14. bxc3 Nbd7
15. Nd2 Re8 16. Rfe1 Qa5 17. f3 Re6 18. e4 Rce8 19. Bf2 Nh5 20. Be3 f5 21. e5 f4
22. Bf2 Nf8 23. a4 g6 24. g3 Qd8 25. Kh1 fxg3 26. hxg3 Qg5 27. Nf1 Nh7 28. f4
Qg4 29. Nh2 Nxg3+ 30. Bxg3 Qxg3 31. f5 Rc6 32. f6 Nf8 33. Rg1 Qd3 34. Qg2 Rd8
35. Ng4 h5 36. Nh6+ Kh7 37. Nf7 Rd7 38. Ng5+ Kh8 39. Qh3 Rb6 40. Raf1 1-0

[Event "4NCL 2011-12"]
[Site "Hinkley ENG"]
[Date "2012.03.31"]
[Round "7.23"]
[White "Paehtz, Elisabeth"]
[Black "Williams, Simon K"]
[Result "1/2-1/2"]
[WhiteTitle "IM"]
[BlackTitle "GM"]
[WhiteElo "2457"]
[BlackElo "2513"]
[WhiteTeam "Cheddleton"]
[BlackTeam "Jutes of Kent"]
[WhiteFideId "4641833"]
[BlackFideId "404454"]
[EventDate "2011.11.12"]

1. d4 Nf6 2. c4 g6 3. g3 Bg7 4. Bg2 O-O 5. Nc3 d6 6. Nf3 Nc6 7. O-O Bg4 8. h3
Bxf3 9. Bxf3 Nd7 10. e3 e5 11. dxe5 Ndxe5 12. Be2 Qd7 13. Kh2 Na5 14. Qd5 b6 15.
f4 c6 16. Qe4 Nexc4 17. Bxc4 d5 18. Nxd5 Rfe8 19. Qd3 Rad8 20. Nb4 Qe7 21. Qc2
Qxb4 22. Be2 Bf6 23. Rb1 Rd6 24. b3 Red8 25. a3 Qc3 26. Qxc3 Bxc3 27. b4 Nb7 28.
Kg2 f5 29. Rb3 Bf6 30. Bf3 R8d7 31. Rf2 Nd8 32. Rc2 Kf7 33. Kf2 Ke7 34. Ke2 Ne6
35. Rd2 c5 36. Rxd6 Rxd6 37. Rd3 c4 38. Rxd6 Kxd6 39. Kd2 Nc7 40. Kc2 a5 41. Be2
Kd5 42. Bf3+ Kd6 43. Be2 Kd5 44. Bf3+ 1/2-1/2

[Event "4NCL 2011-12"]
[Site "Hinkley ENG"]
[Date "2012.03.31"]
[Round "7.24"]
[White "Thorfinnsson, Bragi"]
[Black "Rodriguez Guerrero, Enrique"]
[Result "1-0"]
[WhiteTitle "IM"]
[BlackTitle "GM"]
[WhiteElo "2421"]
[BlackElo "2454"]
[WhiteTeam "Jutes of Kent"]
[BlackTeam "Cheddleton"]
[WhiteFideId "2300958"]
[BlackFideId "2216892"]
[EventDate "2011.11.12"]

1. d4 Nf6 2. c4 c5 3. d5 b5 4. cxb5 a6 5. bxa6 g6 6. Nc3 Bxa6 7. e4 Bxf1 8. Kxf1
d6 9. g3 Bg7 10. Kg2 O-O 11. Nf3 Nbd7 12. a4 Qb6 13. Qe2 Ng4 14. Nd2 Ngf6 15.
Nc4 Qb4 16. Bd2 Nb6 17. Nxb6 Qxb6 18. Nb5 e6 19. Bc3 exd5 20. exd5 Rfe8 21. Qf3
Nd7 22. Rhe1 Ne5 23. Bxe5 Rxe5 24. Rxe5 Bxe5 25. Qe2 Qb7 26. Qd2 c4 27. Ra3 Qb6
28. h4 Qc5 29. h5 gxh5 30. Rf3 Bg7 31. Qf4 Bxb2 32. Qxf7+ Kh8 33. Nc7 Rg8 34.
Ne8 Qd4 35. Nxd6 c3 36. Qe6 Bc1 37. Nf7+ Kg7 38. Ne5 Bg5 39. Qd7+ Kh6 40. Nf7+
Kg6 41. Qf5+ 1-0

[Event "4NCL 2011-12"]
[Site "Hinkley ENG"]
[Date "2012.03.31"]
[Round "7.25"]
[White "Arkell, Keith C"]
[Black "Thorfinnsson, Bjorn"]
[Result "1/2-1/2"]
[WhiteTitle "GM"]
[BlackTitle "IM"]
[WhiteElo "2418"]
[BlackElo "2402"]
[WhiteTeam "Cheddleton"]
[BlackTeam "Jutes of Kent"]
[WhiteFideId "400270"]
[BlackFideId "2300982"]
[EventDate "2011.11.12"]

1. d4 Nf6 2. Nf3 e6 3. c4 c5 4. d5 exd5 5. cxd5 g6 6. Nc3 d6 7. e4 Bg7 8. Bb5+
Bd7 9. Bxd7+ Nbxd7 10. Bf4 Qe7 11. O-O O-O 12. Re1 Ng4 13. Bg5 Bf6 14. Bxf6 Qxf6
15. Qd2 a6 16. a4 Nde5 17. Nxe5 Qxe5 18. f4 Qd4+ 19. Qxd4 cxd4 20. Ne2 Rac8 21.
Nxd4 Rc4 22. Nf3 Nf6 23. e5 dxe5 24. fxe5 Nxd5 25. b3 Rc3 26. Rad1 Nf4 27. Re4
Ne6 28. Rb4 Nc5 29. Ng5 Re8 30. e6 f5 31. Rh4 Nxe6 32. Nxh7 Kf7 33. Rb4 Nc5 34.
h4 Re2 35. Ng5+ Ke7 36. Nf3 Rcc2 37. Ne1 Rb2 38. Rc4 Ne6 39. Rb4 Nc5 40. Rc4 Ne6
41. Rb4 Nc5 1/2-1/2

[Event "4NCL 2011-12"]
[Site "Hinkley ENG"]
[Date "2012.03.31"]
[Round "7.26"]
[White "Johannesson, Ingvar Thor"]
[Black "Bellin, Robert"]
[Result "1-0"]
[WhiteTitle "FM"]
[BlackTitle "IM"]
[WhiteElo "2337"]
[BlackElo "2355"]
[WhiteTeam "Jutes of Kent"]
[BlackTeam "Cheddleton"]
[WhiteFideId "2301490"]
[BlackFideId "400343"]
[EventDate "2011.11.12"]

1. c4 f5 2. g3 Nf6 3. Bg2 e6 4. Nc3 Bb4 5. Qb3 a5 6. Nf3 Nc6 7. O-O Ne4 8. Na4
O-O 9. Qc2 Be7 10. d3 Nf6 11. e4 d6 12. exf5 e5 13. d4 exd4 14. Qd1 Bxf5 15.
Nxd4 Nxd4 16. Qxd4 Qd7 17. Nc3 c6 18. Bf4 Nh5 19. Be3 Bf6 20. Qd2 Be6 21. b3 Bh3
22. Rad1 Bxg2 23. Kxg2 Rae8 24. Na4 Be7 25. Qxa5 Rf5 26. Qd2 Nf6 27. Rfe1 Rh5
28. h4 Qg4 29. Bg5 Ne4 30. Qe2 Qxe2 31. Rxe2 Nxg5 32. hxg5 Rxg5 33. Rde1 Kf7 34.
Nc3 Re5 35. Rxe5 dxe5 36. Rxe5 Bf6 37. Rxe8 Kxe8 38. Ne4 Be7 39. f4 Kd7 40. Kf3 1-0

[Event "4NCL 2011-12"]
[Site "Hinkley ENG"]
[Date "2012.03.31"]
[Round "7.27"]
[White "Camacho Collados, Jose"]
[Black "Harakis, Alexis M"]
[Result "0-1"]
[WhiteTitle "FM"]
[WhiteElo "2368"]
[BlackElo "2220"]
[WhiteTeam "Cheddleton"]
[BlackTeam "Jutes of Kent"]
[WhiteFideId "2265427"]
[BlackFideId "403954"]
[EventDate "2011.11.12"]

1. Nf3 e6 2. g3 d5 3. Bg2 Nf6 4. O-O Be7 5. c4 O-O 6. d4 c6 7. Qc2 b6 8. Nbd2
Bb7 9. Rd1 Na6 10. Ne5 c5 11. dxc5 bxc5 12. a3 Qc7 13. Nd3 Rfd8 14. Qa4 Nd7 15.
cxd5 exd5 16. Nf3 c4 17. Bf4 Qc8 18. Nc1 Bf6 19. Qc2 Ndc5 20. Ng5 h6 21. Qh7+
Kf8 22. Nf3 d4 23. Be5 Be4 24. Bxf6 Bxh7 25. Bxd8 Qxd8 26. Nxd4 Be4 27. f3 Nd3
28. e3 Bg6 29. Bf1 Qe7 30. Nxd3 Bxd3 31. Re1 Nc5 32. Rad1 Bxf1 33. Kxf1 Qb7 34.
Re2 Re8 35. Rc1 Nb3 36. Nxb3 Qxb3 37. Rce1 c3 38. bxc3 Qxc3 39. a4 Qa3 40. Kf2
Qxa4 41. Rb1 Rc8 42. Rbb2 Rc1 43. Red2 g6 44. Ra2 Qc4 45. Re2 Qd3 46. Rad2 Qb1
47. h4 Rf1+ 48. Kg2 Rg1+ 49. Kh3 Rh1+ 0-1

[Event "4NCL 2011-12"]
[Site "Hinkley ENG"]
[Date "2012.03.31"]
[Round "7.28"]
[White "Wilson, Alexandra"]
[Black "Eggleston, David J"]
[Result "0-1"]
[WhiteTitle "WFM"]
[BlackTitle "FM"]
[WhiteElo "2040"]
[BlackElo "2367"]
[WhiteTeam "Jutes of Kent"]
[BlackTeam "Cheddleton"]
[WhiteFideId "411000"]
[BlackFideId "412120"]
[EventDate "2011.11.12"]

1. e4 c5 2. Nc3 a6 3. g3 b5 4. Bg2 Bb7 5. Nge2 e6 6. O-O Nf6 7. d4 cxd4 8. Nxd4
b4 9. Na4 Bxe4 10. Bxe4 Nxe4 11. Re1 Nc5 12. Qf3 Ra7 13. Nxc5 Bxc5 14. Be3 Qb6
15. Rad1 O-O 16. Qh5 d6 17. c3 bxc3 18. bxc3 Nd7 19. Rb1 Qc7 20. Rb3 Rb7 21. Qe2
Rxb3 22. axb3 Qb7 23. b4 Bxd4 24. Bxd4 e5 25. Be3 Rc8 26. Qd3 d5 27. Rd1 Nf6 28.
Qf5 Re8 29. Qd3 Qb5 30. Qxb5 axb5 31. f3 h6 32. h4 Rd8 33. g4 Ne8 34. g5 hxg5
35. hxg5 Rd7 36. Ra1 Nd6 37. Ra8+ Kh7 38. Rb8 Nc4 39. Kf2 d4 40. cxd4 exd4 0-1

[Event "4NCL 2011-12"]
[Site "Hinkley ENG"]
[Date "2012.03.31"]
[Round "7.71"]
[White "Turner, Matthew J"]
[Black "Zakarian, David"]
[Result "1-0"]
[WhiteTitle "GM"]
[WhiteElo "2516"]
[BlackElo "2379"]
[WhiteTeam "Barbican 4NCL 1"]
[BlackTeam "Oxford"]
[WhiteFideId "402893"]
[BlackFideId "13301276"]
[EventDate "2011.11.12"]

1. d4 Nf6 2. c4 e6 3. Nf3 d5 4. Nc3 Bb4 5. cxd5 exd5 6. Bg5 c5 7. dxc5 Be6 8.
Rc1 Nbd7 9. a3 Bxc5 10. e3 O-O 11. Be2 Be7 12. O-O h6 13. Bh4 a6 14. Nd4 Nc5 15.
Nxe6 fxe6 16. Bxf6 Bxf6 17. Nxd5 Qxd5 18. Qxd5 exd5 19. Rxc5 Bxb2 20. Rb1 Bxa3
21. Ra5 Be7 22. Rxb7 Bf6 23. Rxa6 Rac8 24. g3 d4 25. e4 Rc1+ 26. Kg2 Rc2 27. Ra2
Rc3 28. Rd7 Re8 29. Bh5 Re7 30. Raa7 Rxd7 31. Rxd7 Rc8 32. f4 Rd8 33. Rc7 Kf8
34. Rf7+ Kg8 35. e5 Bxe5 36. fxe5 g6 37. Bxg6 d3 38. Rf1 1-0

[Event "4NCL 2011-12"]
[Site "Hinkley ENG"]
[Date "2012.03.31"]
[Round "7.72"]
[White "Harvey, Marcus R"]
[Black "Collins, Sam E."]
[Result "0-1"]
[BlackTitle "IM"]
[WhiteElo "2130"]
[BlackElo "2426"]
[WhiteTeam "Oxford"]
[BlackTeam "Barbican 4NCL 1"]
[WhiteFideId "400092"]
[BlackFideId "2501198"]
[EventDate "2011.11.12"]

1. e4 e5 2. Nf3 Nc6 3. Bc4 Bc5 4. c3 Nf6 5. d3 a6 6. O-O Ba7 7. Re1 d6 8. Bb3
O-O 9. Nbd2 Ng4 10. Rf1 Kh8 11. h3 Nh6 12. Nc4 f5 13. Ne3 f4 14. Nd5 g5 15. Nh2
g4 16. g3 fxg3 17. Bxh6 Qh4 18. Kh1 Rxf2 19. Rxf2 Bxf2 20. Qd2 gxh3 21. Rg1 g2+
22. Rxg2 hxg2+ 23. Kxg2 Qg3+ 24. Kf1 Bh3+ 25. Ke2 Rg8 26. Nf4 Qxh2 27. Nxh3 Be3+ 0-1

[Event "4NCL 2011-12"]
[Site "Hinkley ENG"]
[Date "2012.03.31"]
[Round "7.73"]
[White "D'Costa, Lorin A R"]
[Black "Eckersley-Waites, Tom"]
[Result "1/2-1/2"]
[WhiteTitle "IM"]
[WhiteElo "2409"]
[BlackElo "2276"]
[WhiteTeam "Barbican 4NCL 1"]
[BlackTeam "Oxford"]
[WhiteFideId "409219"]
[BlackFideId "412449"]
[EventDate "2011.11.12"]

1. d4 Nf6 2. c4 e6 3. Nf3 d5 4. g3 dxc4 5. Bg2 Bb4+ 6. Bd2 c5 7. Bxb4 cxb4 8.
Ne5 O-O 9. Nxc4 Nc6 10. e3 e5 11. d5 b5 12. dxc6 Qxd1+ 13. Kxd1 bxc4 14. a3 Bg4+
15. Kc1 b3 16. Nc3 Rac8 17. h3 Bf5 18. g4 Bc2 19. g5 Ne8 20. Bd5 Nd6 21. e4 Kh8
22. f4 exf4 23. Rf1 Rfe8 24. Rxf4 Rcd8 25. h4 f5 26. gxf6 gxf6 27. c7 Rc8 28.
Rxf6 Nxe4 29. Rc6 Nxc3 30. bxc3 Re2 31. Bxc4 Rg2 32. Rc5 b2+ 33. Kxb2 Ba4+ 34.
Kc1 Rg1+ 35. Kb2 Rg2+ 36. Kc1 Rg1+ 37. Kb2 1/2-1/2

[Event "4NCL 2011-12"]
[Site "Hinkley ENG"]
[Date "2012.03.31"]
[Round "7.74"]
[White "White, Michael J R"]
[Black "Cox, John J"]
[Result "1-0"]
[WhiteTitle "FM"]
[BlackTitle "IM"]
[WhiteElo "2214"]
[BlackElo "2423"]
[WhiteTeam "Oxford"]
[BlackTeam "Barbican 4NCL 1"]
[WhiteFideId "407380"]
[BlackFideId "401064"]
[EventDate "2011.11.12"]

1. e4 e5 2. Nf3 Nc6 3. d4 exd4 4. Nxd4 Nf6 5. Nxc6 bxc6 6. e5 Qe7 7. Qe2 Nd5 8.
c4 Ba6 9. b3 g6 10. g3 Bg7 11. Bb2 O-O 12. Bg2 Rae8 13. O-O Bxe5 14. Bxe5 Qxe5
15. Qxe5 Rxe5 16. cxd5 Bxf1 17. Kxf1 cxd5 18. Nc3 c6 19. Rd1 Rfe8 20. Bf3 Kf8
21. Ne2 Ke7 22. Rd4 Kd6 23. Ra4 Ra8 24. b4 Kc7 25. Nd4 Kb6 26. Be2 Rae8 27. f3
Re3 28. Kf2 Rc3 29. Ra5 Rc1 30. Bf1 Rb1 31. Nb3 Rb2+ 32. Kg1 Re1 33. Ra6+ Kb7
34. Nc5+ Ka8 35. Nd3 Rxf1+ 36. Kxf1 Rxh2 37. Ne5 Kb7 38. Ra5 Rb2 39. a3 1-0